书目信息 |
| 题名: |
现代证券投资实务
|
|
| 作者: | 王伟 主编 | |
| 分册: | ||
| 出版信息: | 北京 北京理工大学出版社 2017.01 |
|
| 页数: | 249页 | |
| 开本: | 26cm | |
| 丛书名: | ||
| 单 册: | ||
| 中图分类: | F830.91 , F830.53 | |
| 科图分类: | ||
| 主题词: | 证券投资--教材 | |
| 电子资源: | ||
| ISBN: | 978-7-5682-3547-1 | |
| 000 | 00963nam0 2200253 450 | |
| 001 | 1018 | |
| 005 | 20180927100436.28 | |
| 010 | @a978-7-5682-3547-1@dCNY56.00 | |
| 100 | @a20170802d2017 em y0chiy50 ea | |
| 101 | 0 | @achi |
| 102 | @aCN@b110000 | |
| 105 | @ay az 000yy | |
| 200 | 1 | @a现代证券投资实务@9xian dai zheng quan tou zi shi wu@f王伟主编 |
| 210 | @a北京@c北京理工大学出版社@d2017.01 | |
| 215 | @a249页@d26cm | |
| 307 | @a实际页数:250 | |
| 320 | @a有书目(第250页) | |
| 330 | @a本教材以项目为载体、能力为本位,设计了11个项目、34个模块,每个项目均有学习目标、知识网络图和导入案例,并配以“案例分析”“想一想”“做一做”“小贴士”等学习环节,能有效地提高学生证券投资的宏观经济分析、行业分析、公司分析、K线分析、道氏理论、切线理论、形态分析、波浪理论和技术指标分析能力。 | |
| 606 | 0 | @a证券投资@j教材 |
| 690 | @aF830.91@v5 | |
| 690 | @aF830.53@v4 | |
| 701 | 0 | @a王伟@9wang wei@4主编 |
| 801 | 0 | @aCN@b91MARC@c20170802 |
| 905 | @aMuseLib@dF830.53@e446 | |
| 现代证券投资实务/王伟主编.-北京:北京理工大学出版社,2017.01 |
| 249页;26cm |
| ISBN 978-7-5682-3547-1:CNY56.00 |
| 本教材以项目为载体、能力为本位,设计了11个项目、34个模块,每个项目均有学习目标、知识网络图和导入案例,并配以“案例分析”“想一想”“做一做”“小贴士”等学习环节,能有效地提高学生证券投资的宏观经济分析、行业分析、公司分析、K线分析、道氏理论、切线理论、形态分析、波浪理论和技术指标分析能力。 |
| ● |
| 相关链接 |
|
|
|
|
正题名:现代证券投资实务
索取号:F830.53/446
 
预约/预借
| 序号 | 登录号 | 条形码 | 馆藏地/架位号 | 状态 | 备注 |
| 1 | 1120774 | 211207745 | 第一样本阅览室/ [索取号:F830.53/446] | 在馆 | |
| 2 | 1120775 | 211207754 | 第一借阅区/ [索取号:F830.53/446] | 在馆 | |
| 3 | 1120776 | 211207763 | 第一借阅区/ [索取号:F830.53/446] | 在馆 | |
| 4 | 1120777 | 211207772 | 第一借阅区/ [索取号:F830.53/446] | 在馆 | |
| 5 | 1120778 | 211207781 | 密集书库-数信学院/ [索取号:F830.53/446] | 在馆 |